<?xml version="1.0" encoding="UTF-8"?>
<collection xmlns="http://www.loc.gov/MARC21/slim">
 <record>
  <leader>01187nam a22002535a 4500</leader>
  <controlfield tag="001">CEM.cems011482</controlfield>
  <controlfield tag="008">130507b2003##################000#0#####d</controlfield>
  <controlfield tag="005">20251203143335.0</controlfield>
  <datafield tag="245" ind1="1" ind2="0">
   <subfield code="a">Shadowmancer :</subfield>
   <subfield code="b">el hechicero de las sombras /</subfield>
   <subfield code="c">G. P. Taylor ; traducción de Ismael Attrache.</subfield>
  </datafield>
  <datafield tag="260" ind1=" " ind2=" ">
   <subfield code="a">Buenos Aires,</subfield>
   <subfield code="b">Alfaguara.</subfield>
   <subfield code="c">2003 :</subfield>
  </datafield>
  <datafield tag="300" ind1=" " ind2=" ">
   <subfield code="a">325 p.</subfield>
  </datafield>
  <datafield tag="490" ind1="0" ind2=" ">
   <subfield code="a">Alfaguara juvenil</subfield>
  </datafield>
  <datafield tag="520" ind1=" " ind2=" ">
   <subfield code="a">En Whitby, un pequeño pueblo de la Inglaterra del siglo XVIII, la magia negra y la brujería tienen un poderoso aliado: Demurral, el hechicero de las sombras. Movido por la ambición y sin ningún tipo de escrúpulos, el párroco Demurral está urdiendo un plan para convertirse en el mayor hechicero del universo. Para ello debe hacerse con un peculiar objeto, un querubín, pero Kate, Thomas y Rafah se interponen en su camino.</subfield>
  </datafield>
  <datafield tag="020" ind1=" " ind2=" ">
   <subfield code="a">9505119100</subfield>
  </datafield>
  <datafield tag="100" ind1="1" ind2=" ">
   <subfield code="a">Taylor, G. P.</subfield>
  </datafield>
  <datafield tag="700" ind1="1" ind2=" ">
   <subfield code="a">Attrache, Ismael, trad.</subfield>
  </datafield>
  <datafield tag="082" ind1="0" ind2="4">
   <subfield code="a">823.9</subfield>
  </datafield>
  <datafield tag="653" ind1=" " ind2=" ">
   <subfield code="a">Literatura</subfield>
  </datafield>
  <datafield tag="653" ind1=" " ind2=" ">
   <subfield code="a">Literatura inglesa</subfield>
  </datafield>
  <datafield tag="653" ind1=" " ind2=" ">
   <subfield code="a">Novela</subfield>
  </datafield>
  <datafield tag="653" ind1=" " ind2=" ">
   <subfield code="a">Novela inglesa</subfield>
  </datafield>
  <datafield tag="653" ind1=" " ind2=" ">
   <subfield code="a">Literatura juvenil</subfield>
  </datafield>
  <datafield tag="653" ind1=" " ind2=" ">
   <subfield code="a">Literatura juvenil inglesa</subfield>
  </datafield>
  <datafield tag="859" ind1=" " ind2=" ">
   <subfield code="a">CEMS</subfield>
   <subfield code="b">BIB. CEMS - 11 de abril</subfield>
   <subfield code="h">823.9</subfield>
   <subfield code="i">T157</subfield>
   <subfield code="p">22441.04</subfield>
   <subfield code="t">Ej.1</subfield>
  </datafield>
 </record>
</collection>
